00473 a2200169 450000100060000002000060000604000220001210000330003424000370006724500320010430000080013636200090014465000170015394200070017095201090017799900170028660582 a  cAnchieta - Pituba aTeixeira, Anísio Spínola10aO ensino no estado da Bahialpor10aO ensino no estado da Bahia a1230 a2001 4aEducação cBK 00104070a91.1b91.1d2023-11-21l0o370 T266e TEI ENSp12316/PITr2023-11-21 18:28:41w2023-11-21yBK c60582d60582